Normal view MARC view

Entry Personal Name

Number of records used in: 1

001 - CONTROL NUMBER

  • control field: 59738

003 - CONTROL NUMBER IDENTIFIER

  • control field: OSt

005 - DATE AND TIME OF LATEST TRANSACTION

  • control field: 20260311121249.0

008 - FIXED-LENGTH DATA ELEMENTS

  • fixed length control field: 260311|| aca||aabn | a|a d

040 ## - CATALOGING SOURCE

  • Original cataloging agency: OSt
  • Transcribing agency: OSt

100 ## - HEADING--PERSONAL NAME

  • Personal name: Sharif, Mohd and Singh Rajeev Kumar

670 ## - SOURCE DATA FOUND

  • Source citation: Work cat.: (OSt): Sharif, Mohd and Singh Rajeev Kumar , Ladakh’s demand for statehood: A quest for recognition and representation

Powered by Koha